TOP 30 najdroższych piłkarzy z Serie A według Transfermarkt - Statystyki

Ogólne statystyki
  • Ten quiz został rozwiązany 635 razy
    443 od ostatniego zresetowania
  • Średni wynik to 12 z 30
Statystyki odpowiedzi
Informacje Piłkarz % Poprawnych
1. 90 mln € (Argentyna) Paulo Dybala
80%
6. 75 mln € (Portugalia) Cristiano Ronaldo
77%
3. 85 mln € (Belgia) Romelu Lukaku
75%
2. 85 mln € (Dania) Christian Eriksen
73%
30. 40 mln € (Polska) Piotr Zieliński
67%
8. 70 mln € (Senegal) Kalidou Koulibaly
58%
9. 65 mln € (Bośnia) Miralem Pjanic
58%
4. 80 mln € (Serbia) Sergej Milinkovic-Savic
54%
7. 75 mln € (Holandia) Matthijs de Ligt
50%
12. 60 mln € (Słowacja) Milan Skriniar
46%
5. 80 mln € (Argentyna) Lautaro Martinez
45%
19. 50 mln € (Włochy) Ciro Immobile
42%
29. 40 mln € (Grecja) Konstantinos Manolas
40%
23. 45 mln € (Włochy) Nicolo Barella
39%
10. 60 mln € (Włochy) Federico Chiesa
37%
13. 60 mln € (Włochy) Lorenzo Insigne
37%
11. 60 mln € (Chorwacja) Marcelo Brozovic
36%
15. 60 mln € (Holandia) Stefan de Vrij
33%
20. 50 mln € (Brazylia) Alex Sandro
28%
22. 45 mln € (Kolumbia) Duvan Zapata
28%
16. 55 mln € (Wlochy) Gianluigi Donnarumma
25%
14. 60 mln € (Hiszpania) Fabian Ruiz
22%
17. 55 mln € (Hiszpania) Luis Alberto
22%
21. 50 mln € (Urugwaj) Rodrigo Bentancur
19%
28. 40 mln € (Francja) Theo Hernandez
18%
26. 40 mln € (Włochy) Andrea Belotti
15%
18. 50 mln € (Włochy) Nicolo Zaniolo
13%
24. 45 mln € (Włochy) Alessio Romagnoli
12%
27. 40 mln € (Włochy) Lorenzo Pellegrini
12%
25. 40 mln € (Brazylia) Allan
8%
Nie znaleziono quizów pasujących do podanych kryteriów
Rozkład punktacji
Procent ludzi z każdym wynikiem
Percentyl według liczby udzielonych odpowiedzi
Twoja historia wyników
Nie rozwiązałeś tego quizu od ostatniego zresetowania